Monnaies officielles des pays d'Europe - Statistiques

Statistiques générales
  • Ce quiz a été pris 37 fois
    16 depuis la dernière actualisation
  • Le résultat moyen est 38 sur 46
Statistiques - réponses
Monnaie Pays % Correct
lek Albanie
100%
rouble Bélarus
100%
euro Croatie
100%
couronne Norvège
100%
couronne Suède
100%
franc Suisse
100%
euro Autriche
92%
mark convertible Bosnie-Herzégovine
92%
euro Finlande
92%
euro France
92%
forint Hongrie
92%
euro Lettonie
92%
euro Pays-Bas
92%
zloty Pologne
92%
euro Portugal
92%
livre sterling Royaume-Uni
92%
rouble Russie
92%
euro Andorre
83%
euro Bulgarie
83%
couronne Danemark
83%
euro Espagne
83%
euro Estonie
83%
euro Irlande
83%
euro Lituanie
83%
euro Luxembourg
83%
leu Roumanie
83%
euro Slovénie
83%
couronne Tchéquie
83%
hryvnia Ukraine
83%
euro Allemagne
75%
euro Belgique
75%
euro Grèce
75%
couronne Islande
75%
euro Italie
75%
euro Kosovo
75%
euro Malte
75%
leu Moldavie
75%
euro Slovaquie
75%
franc Liechtenstein
67%
denar Macédoine du Nord
67%
euro Monaco
67%
euro Monténégro
67%
dinar Serbie
67%
euro Vatican
67%
euro Chypre
58%
euro Saint-Marin
58%
Aucun quiz correspondant
Distribution des résultats
% des personnes avec chaque résultat
Percentile par nombre de réponses
Votre historique - résultats
Vous n’avez pas pris ce quiz depuis la dernière actualisation